00838nam a2200241 a 450000100100000000500170001000800410002702000150006804000250008308200180010810000580012624500270018426000330021130000210024449000250026550000430029065000350033365000480036883000320041604900090044895201220045799900170057900002358320200930022327.0101214s1984 sp r 000 0 spa d a8486162351 aDO-SdBNPbspacBNPHU a873.1bM354en1 aMarón, Publio Virgilio,d70 a. C. - 19 a. C.92771413aLa eneida /cVirgilio. aBarcelona :bAntalbe,c1984. a279 p. ;c18 cm.1 aClásicos el toboso aIncluye notas al pie de las páginas. 4aPoesía épica latina927715 4aLiteratura italianayANTERIOR A 1400913826 0aClásicos el toboso948611 aBNGR 001054708MOaGRbGRcCTd2010-12-14iLF1l0o873.1 M354enp23583-10r2020-06-25w2020-06-25y4ZPréstamo en sala c23079d23079